000 00316pam a2200133a 44500
008 230405s2018 xxu||||| |||| 00| 0 eng d
041 _aENG
100 _aR C GUPTA
245 _aPRACTICAL BIOCHEMISTRY ( GUPTA R C )
250 _a3
260 _aNEW DELHI
_bCBS PUBLISHERS
_c2018
300 _a245
906 _a2548
999 _c267987
_d267987